| 000 | 00540nam a2200157 a 4500 | ||
|---|---|---|---|
| 005 | 20140414093826.0 | ||
| 008 | 031103s19uu xx 00 eng d | ||
| 020 | _a0-87120-669-2 | ||
| 050 |
_aVHS 370 _bOR 01 |
||
| 100 | _aASCD | ||
| 245 |
_aTeaching students with learning disabilities in the regular classroom : _badjusting for learner needs 1 / _c(Association for Supervision and Curriculum Development ). |
||
| 260 |
_aAlexandria, Va : _bASCD, _cc2002. |
||
| 440 | _aAdjusting for learner needs ; 1 | ||
| 942 | _cAVM | ||
| 999 |
_c108447 _d108447 |
||